|
|
|
|
| LEADER |
00000nam0a2200000 4500 |
| 001 |
358256 |
| 005 |
20231102011056.0 |
| 035 |
|
|
|a (RuTPU)RU\TPU\retro\15524
|
| 090 |
|
|
|a 358256
|
| 100 |
|
|
|a 20200814d1973 m y0rusy50 ca
|
| 101 |
0 |
|
|a rus
|
| 102 |
|
|
|a RU
|
| 105 |
|
|
|a af z 000zy
|
| 200 |
1 |
|
|a Салют на орбите
|a Основы конструкции орбитальной станции"Салют", этапы ее полета и материалы научных исследований
|f под ред. М. П. Васильева, К. Д. Бушуев, О. Г. Газенко В. А. Шаталова
|
| 210 |
|
|
|a Москва
|c Машиностроение
|d 1973
|
| 215 |
|
|
|a 158 с.
|c ил.
|e Прилож.: 1 вкл. л.
|
| 606 |
1 |
|
|a Космические аппараты орбитальные
|2 stltpush
|3 (RuTPU)RU\TPU\subj\15788
|9 41998
|
| 610 |
1 |
|
|a космос
|
| 610 |
1 |
|
|a космические полеты
|
| 610 |
1 |
|
|a космические корабли
|
| 610 |
1 |
|
|a орбитальная станция
|
| 610 |
1 |
|
|a научные исследования
|
| 610 |
1 |
|
|a конструкции
|
| 675 |
|
|
|a 629.786
|v 4
|
| 702 |
|
1 |
|a Васильев
|b М. П.
|4 340
|
| 702 |
|
1 |
|a Бушуев
|b К. Д.
|4 340
|
| 702 |
|
1 |
|a Газенко
|b О. Г.
|4 340
|
| 702 |
|
1 |
|a Шаталов
|b В. А.
|4 340
|
| 801 |
|
1 |
|a RU
|b 63413507
|c 20200814
|
| 801 |
|
2 |
|a RU
|b 63413507
|c 20210326
|g RCR
|
| 942 |
|
|
|c BK
|